1955 1366 1958 1611 1158 1225 1779 1129 1355 1114 1997 1626 1323 1483 1767 1935 1618 1296 1424 1728 1964 1350 1256 1368 1138 1827 1425 1037 1847 1277 1744 1334 1513 1937 1538 1520 1618 1244 1350 1486 1095 1624 1767 1269 1181 1226 1758 1286 1190 1208 1888 1229 1599 1380 1087 1437 1180 1704 1722 1560 1520 1829 1346 1550 1338 1263 1486 1731 1967 1032 1978 1237 1531 1103 1915 1156 1450 1714 1099 1331 1020 1662 1087 1591 1504 1108 1093 1638 1286 1877 1405 1637 1017 1651 1614 1554 1576 1141 1609 BCNSPRNW ULIB Ver.6.0+V

เปลี่ยนเป็นภาษาไทย

Change to English
 แสดงรายละเอียดบรรณานุกรม
  กลับหน้าหลัก

Brief Record : Get Marc (ISO 2709) : E-mail record : QR code < ปิดหน้าต่าง
LEADER : 00000nam 2200000uu 4500
001    13399115311
003     ULIB
008    120810s2553||||th 000 0 tha d
020    9789741343546
090    ^aนว.^bร147ส
100 0  ^aร่มแก้ว
245 00 ^a365 วันแห่งรัก /^cร่มแก้ว
260    ^aกรุงเทพฯ:^cพิมพ์คำ,^c2553
300    ^a318 หน้า
945    ^p180^l0^i032312
995    ^aเกษร
999 ^a วิภา
รายการนี้ยังไม่มีแท็ก
คุณยังไม่ได้ล็อกอิน คุณสามารถมีกิจกรรมร่วมกับเว็บไซต์ได้ แต่ต้องล็อกอินก่อน ::
  ล็อกอิน

รายการสื่อสารสนเทศ

ลำดับที่ ประเภท เลขเรียก/บาร์โค้ด สถานที่ สถานะ
- ไม่พบข้อมูล -

รายการใกล้เคียง
    ผู้แต่ง [ร่มแก้ว]

BibComment


ยังไม่เคยถูกคอมเมนท์

คอมเมนท์ทรัพยากรรายการนี้
  คอมเมนท์: 365 วันแห่งรัก ..


 Copyright 2026. Bcnsprnw @Library